Statistics for NFL - Top 25 Wide Receivers 2023-2024

Click here to take the quiz!

General Stats

  • This quiz has been taken 170 times
    (167 since last reset)
  • The average score is 18 of 25

Answer Stats

HintAnswer% Correct
1.Justin Jefferson
97%
2.Tyreek Hill
96%
3.Ja'Marr Chase
89%
9.Amon-Ra St. Brown
87%
7.Ceedee Lamb
86%
8.A.J. Brown
85%
4.Cooper Kupp
83%
6.Stefon Diggs
83%
5.Davante Adams
79%
13.Jaylen Waddle
78%
24.Deebo Samuel
76%
12.DeVonta Smith
74%
22.Brandon Aiyuk
72%
20.DK Metcalf
68%
15.Puka Nacua
68%
11.Garrett Wilson
67%
19.Amari Cooper
65%
23.D.J. Moore
64%
14.Keenan Allen
64%
17.Tee Higgins
61%
21.Nico Collins
60%
10.Chris Olave
55%
16.Terry Mclaurin
50%
18.Calvin Ridley
46%
25.Diontae Johnson
38%

Score Distribution

Percentile by Number Answered

Percent of People with Each Score

Your Score History

You have not taken this quiz since the last reset